Statistics for Lyon Scorers in Ligue 1 2019-20

Click here to take the quiz!

General Stats

  • This quiz has been taken 93 times
  • The average score is 7 of 11

Answer Stats

PlayerGoals% Correct
Moussa Dembélé16
94%
Memphis Depay9
92%
Houssem Aouar3
91%
Maxwel Cornet4
70%
Lucas Tousart2
67%
Karl Toko Ekambi2
63%
Bertrand Traoré1
61%
Martin Terrier1
43%
Jeff Reine-Adélaïde2
42%
Joachim Andersen1
34%
Jean Lucas1
16%

Score Distribution

Percentile by Number Answered

Percent of People with Each Score

Your Score History

You have not taken this quiz